000 00513nam a2200157 i 4500
001 135279
003 ES-MaACL
005 20230906194840.0
007 t|
008 070713s1915 xxk ||||1| eng d
100 1 _aTodhunter, Ralph.
_9110407
245 1 0 _aText book of the principles of interest live amnities and Assurances their practical application /
_cRalph Todhunter.
260 _aLondon :
_b[s.n.],
_c1915 (
_fCh. & Ed. Layton)
300 _aXII,221 p. ;
_c21 cm.
852 _aES-MaACL
_jF-5491
_bR.4810
999 _c135279
_d135279